000 00484nam a2200229Ia 4500
008 210210b2006 xxu||||| |||| 00| 0 eng d
020 _a8181283023
041 _aeng
082 _a512.5 KWAL
100 _aKWAK (Jin Ho)
245 _aLinear algebra Ed 2
250 _a
260 _aBoston
_b-
_c2006
300 _axiv,390
650 _aLinear
650 _aEd
650 _aalgebra
650 _a2
690 _aAlgebra
700 _aHONG (Sungpyo)
906 _a064185
999 _c140406
_d140406